<?xml version="1.0" encoding="UTF-8"?>
<record
    xmlns:xsi="http://www.w3.org/2001/XMLSchema-instance"
    xsi:schemaLocation="http://www.loc.gov/MARC21/slim http://www.loc.gov/standards/marcxml/schema/MARC21slim.xsd"
    xmlns="http://www.loc.gov/MARC21/slim">

  <leader>00658nam a2200169Ia 4500</leader>
  <controlfield tag="008">230207t2014||||xx |||||||||||||| ||spa||</controlfield>
  <datafield tag="100" ind1=" " ind2=" ">
    <subfield code="a">Juan P&#xE9;rez, &#xC1;ngel Alejandro </subfield>
  </datafield>
  <datafield tag="100" ind1=" " ind2=" ">
    <subfield code="a">Rodr&#xED;guez Vel&#xE1;zquez,  Juan Alberto </subfield>
  </datafield>
  <datafield tag="100" ind1=" " ind2=" ">
    <subfield code="a">Steegmann Pascua, Cristina </subfield>
  </datafield>
  <datafield tag="110" ind1=" " ind2=" ">
    <subfield code="a">Colegio de Contadores P&#xFA;blicos Universidad de Guadalajara</subfield>
  </datafield>
  <datafield tag="245" ind1=" " ind2="0">
    <subfield code="a">&#xC1;lgebra de matrices</subfield>
  </datafield>
  <datafield tag="260" ind1=" " ind2=" ">
    <subfield code="b">UOC</subfield>
    <subfield code="c">2014</subfield>
  </datafield>
  <datafield tag="519" ind1=" " ind2=" ">
    <subfield code="b">Administraci&#xF3;n de Empresas Tur&#xED;sticas y Sustentabilidad 2.1</subfield>
    <subfield code="c">Matem&#xE1;ticas para los Negocios</subfield>
  </datafield>
  <datafield tag="538" ind1=" " ind2=" ">
    <subfield code="a">Acceso v&#xED;a web</subfield>
  </datafield>
  <datafield tag="856" ind1=" " ind2=" ">
    <subfield code="u">https://www.uv.mx/personal/aherrera/files/2014/08/08b.-MATRICES-2.pdf</subfield>
  </datafield>
  <datafield tag="942" ind1=" " ind2=" ">
    <subfield code="c">Recurso Electr&#xF3;nico</subfield>
  </datafield>
  <datafield tag="952" ind1=" " ind2=" ">
    <subfield code="0">0</subfield>
    <subfield code="1">0</subfield>
    <subfield code="2">lcc</subfield>
    <subfield code="4">0</subfield>
    <subfield code="7">0</subfield>
    <subfield code="a">BD-UIN</subfield>
    <subfield code="b">BD-UIN</subfield>
    <subfield code="d">2023-02-07</subfield>
    <subfield code="l">0</subfield>
    <subfield code="o">151</subfield>
    <subfield code="p">151</subfield>
    <subfield code="r">2023-05-13</subfield>
    <subfield code="t">151</subfield>
    <subfield code="w">2023-02-07</subfield>
    <subfield code="y">RAA</subfield>
  </datafield>
  <datafield tag="999" ind1=" " ind2=" ">
    <subfield code="c">105156</subfield>
    <subfield code="d">105156</subfield>
  </datafield>
</record>
